| 000 | 00916nam a2200229Ia 4500 | ||
|---|---|---|---|
| 999 |
_c54524 _d54524 |
||
| 001 | 21588 | ||
| 003 | GE_BSU | ||
| 005 | 20220809131236.0 | ||
| 008 | 181216s ||||ge |||||||||||||| ||geo|| | ||
| 040 | _cGE_BSU | ||
| 041 | _ageo | ||
| 080 | _a811.353.1-84(075.8=161.1) კ-39 | ||
| 100 |
_aკეკელია, შ. _97846 |
||
| 245 |
_aქართული ენის სახელმძღვანელო : _bუმაღლ. სკოლის რუს. განყ-ბის სტუდენტთათვის / _cშ. კეკელია. |
||
| 250 | _aმე-5 გამოცემა | ||
| 264 |
_aთბილისი : _bგანათლება, _c1965. |
||
| 300 |
_a377გვ. ; _c22სმ. |
||
| 541 | _h1ლ.28თ. | ||
| 653 | _aქართული ენა | ||
| 653 | _aქართული ენის სახელმძღვანელო | ||
| 942 |
_cBK _2udc |
||